| 000 | 00841nam a2200277 c 4500 | ||
|---|---|---|---|
| 003 | BLK | ||
| 005 | 20180422105129.0 | ||
| 008 | 180409b bul|||||r ||||||| ||bul|| | ||
| 010 | _aKNG00102519000 | ||
| 020 |
_a954-528-001-8 _bиздат.: Труд |
||
| 040 | _aBLK | ||
| 041 |
_aBUL _cBUL |
||
| 080 |
_aБългарска литература _b821.163.2 _x-31 _z821.163.2-31 |
||
| 100 | 1 |
_aДимов, Димитър _eпърви автор _9373423 |
|
| 139 |
_aДимов, Димитър _bД 60 |
||
| 245 | 1 | 0 |
_aТютюн _bРоман _cДимитър Димов. |
| 257 | _aBGR | ||
| 260 |
_аСофия _bТруд _c1992 |
||
| 300 |
_a616 с. _c21 см |
||
| 380 | _aX | ||
| 852 | _aЦб 170662 | ||
| 856 | 4 |
_qpdf _u |
|
| 856 | 4 |
_qpdf _u |
|
| 942 |
_cKNG _n0 |
||
| 944 |
_aCR _c01.01.1999 _kНаталия_Медовщикова |
||
| 944 |
_aED _c18.02.2008 _k |
||
| 999 |
_c97607 _d97607 |
||